
Library Catalogue

| 000 -LEADER | |
|---|---|
| fixed length control field | 00856nam a22001577a 4500 |
| 005 - DATE AND TIME OF LATEST TRANSACTION | |
| control field | 20211029145856.0 |
| 008 - FIXED-LENGTH DATA ELEMENTS--GENERAL INFORMATION | |
| fixed length control field | 211029b2021 ||||| |||| 00| 0 eng |
| 020 ## - INTERNATIONAL STANDARD BOOK NUMBER | |
| International Standard Book Number | 9781943689132 |
| 100 ## - MAIN ENTRY--PERSONAL NAME | |
| 9 (RLIN) | 148 |
| Personal name | James Grimmelmann |
| 245 ## - TITLE STATEMENT | |
| Title | Internet Law: |
| Remainder of title | Cases and problems |
| 250 ## - EDITION STATEMENT | |
| Edition statement | 11th |
| 260 ## - PUBLICATION, DISTRIBUTION, ETC. | |
| Place of publication, distribution, etc. | Oregon City, United States |
| Name of publisher, distributor, etc. | Semaphore Press |
| Date of publication, distribution, etc. | 2021 |
| 300 ## - PHYSICAL DESCRIPTION | |
| Extent | 775 pages |
| 505 ## - FORMATTED CONTENTS NOTE | |
| Formatted contents note | Preliminary Pages P.2 to 10;<br/>Introduction P. 11 to 18;<br/>Chapter 1: Computers P. 19 to 56;<br/>Chapter 2: Jurisdictions P. 57 to 122;<br/>Chapter 3: Speech P. 123 to 224;<br/>Chapter 4: Privacy P. 225 to 336;<br/>Chapter 5: Access to computers P. 337 to 378;<br/>Chapter 6: Trademark P. 379 to 412;<br/>Chapter 7: Copyright P. 413 to 540;<br/>Chapter 8: Patent P. 541 to 556;<br/>Chapter 9: Platforms P. 557 to 688;<br/>Chapter 10: Beyond the internet P. 689 to 775.<br/> |
| 942 ## - ADDED ENTRY ELEMENTS (KOHA) | |
| Source of classification or shelving scheme | Dewey Decimal Classification |
| Koha item type | E-Books - Cambridge, Bloomsbury, Oxford Handbooks & West Academic |
| Withdrawn status | Lost status | Source of classification or shelving scheme | Damaged status | Not for loan | Home library | Current library | Shelving location | Date acquired | Total Checkouts | Barcode | Date last seen | Price effective from | Koha item type | Public note |
|---|---|---|---|---|---|---|---|---|---|---|---|---|---|---|
| Dewey Decimal Classification | . | . | 29.10.2021 | EBK-533 | 29.10.2021 | 29.10.2021 | E-Books - Cambridge, Bloomsbury, Oxford Handbooks & West Academic | Contact Library Professional Staff to Access this eBook |